Beginning Excel what-if data analysis
Includes bibliographical references (p. 155) and index
Đã lưu trong:
| 主要作者: | |
|---|---|
| 格式: | 图书 |
| 语言: | Undetermined |
| 出版: |
Berkeley, CA
Apress
2006
|
| 主题: | |
| 在线阅读: | http://lrc.tdmu.edu.vn/opac/search/detail.asp?aID=2&ID=30849 |
| 标签: |
添加标签
没有标签, 成为第一个标记此记录!
|
| Thư viện lưu trữ: | Trung tâm Học liệu Trường Đại học Thủ Dầu Một |
|---|
| LEADER | 00872nam a2200193Ia 4500 | ||
|---|---|---|---|
| 001 | TDMU_30849 | ||
| 008 | 210410s9999 xx 000 0 und d | ||
| 082 | |a 153 | ||
| 090 | |b C434 | ||
| 100 | |a Cornell, Paul | ||
| 245 | 0 | |a Beginning Excel what-if data analysis | |
| 260 | |a Berkeley, CA | ||
| 260 | |b Apress | ||
| 260 | |c 2006 | ||
| 300 | |a xxii, 167 p. | ||
| 520 | |a Includes bibliographical references (p. 155) and index | ||
| 650 | |a Microsoft Excel (Computer file); Business |x Computer programs; Computers & Technology |x Software |x Excel; Business Technology |x Software |x Spreadsheets; Công nghệ thông tin |x Phầm mềm |x Excel; Kinh doanh |x Phân tích dữ liệu |x Ứng dụng công nghệ thông tin | ||
| 856 | |u http://lrc.tdmu.edu.vn/opac/search/detail.asp?aID=2&ID=30849 | ||
| 980 | |a Trung tâm Học liệu Trường Đại học Thủ Dầu Một | ||